Litera | Panstwo | % Poprawnych |
---|---|---|
A | Afganistan • Arabia Saudyjska • Armenia • Azerbejdżan | 98%
|
J | Japonia • Jemen • Jordania | 98%
|
C | Chiny • Cypr | 97%
|
I | Indie • Indonezja • Irak • Iran • Izrael | 97%
|
K | Kambodża • Katar • Kazachstan • Kirgistan • Kore Południowa • Korea Północna • Kuwejt | 97%
|
O | Oman | 96%
|
T | Tadżykistan • Tajlandia • Timor Wschodni • Turcja • Turkmenistan | 95%
|
B | Bahrajn • Bangladesz • Bhutan • Brunei | 93%
|
M | Malediwy • Malezja • Mjanma • Mongolia | 93%
|
L | Laos • Liban | 90%
|
R | Rosja | 89%
|
G | Gruzja | 88%
|
U | Uzbekistan | 86%
|
F | Filipiny | 85%
|
P | Pakistan | 85%
|
S | Singapur • Sri Lanka • Syria | 85%
|
W | Wietnam | 79%
|
N | Nepal | 78%
|
Z | Zjednoczone Emiraty Arabskie | 76%
|
Prawa autorskie należą do H Brothers Inc., 2008–2024
Kontakt | Przewiń w górę | Wersja na telefon